Statistiques concernant Préfectures françaises les plus éloignées de Paris

Cliquez ici pour prendre le quiz!

Statistiques générales

  • Ce quiz a été pris 133 fois
  • Le résultat moyen est 12 sur 13

Statistiques - réponses

Distance de ParisPréfecture% Correct
685,6 kmNice
96%
651,9 kmPau
94%
686 kmPerpignan
94%
9377 kmSaint-Denis
94%
7089 kmCayenne
92%
661,3 kmMarseille
92%
6865 kmFort-de-France
90%
917,5 kmAjaccio
89%
877,9 kmBastia
86%
694,5 kmToulon
86%
8053 kmMamoudzou
85%
6798 kmBasse-Terre
84%
658,1 kmFoix
82%

Distribution des résultats

Percentile par nombre de réponses

% des personnes avec chaque résultat

Votre développement - résultats

Vous n’avez pas pris ce quiz